Statistics for Countries that Speak French

Click here to take the quiz!

General Stats

  • This quiz has been taken 132 times
    (131 since last reset)
  • The average score is 22 of 29

Answer Stats

HintAnswer% Correct
EuropeFrance
100%
EuropeSwitzerland
91%
EuropeBelgium
89%
North AmericaCanada
87%
AfricaD.R Congo
85%
AfricaChad
83%
North AmericaHaiti
81%
AfricaIvory Coast
81%
EuropeMonaco
81%
AfricaRepublic of Congo
81%
AfricaBenin
80%
AfricaMali
80%
AfricaCentral African Republic
79%
AfricaTogo
79%
AfricaGuinea
78%
AfricaSenegal
77%
EuropeLuxembourg
76%
AfricaNiger
76%
AfricaGabon
75%
AfricaCameroon
73%
AfricaBurkina Faso
69%
AfricaBurundi
69%
AfricaDjibouti
68%
AfricaComoros
65%
AfricaRwanda
64%
AfricaSeychelles
62%
OceaniaVanuatu
62%
AfricaMadagascar
61%
AfricaEquatorial Guinea
52%

Score Distribution

Percentile by Number Answered

Percent of People with Each Score

Your Score History

You have not taken this quiz since the last reset